| 000 | 01573cam a2200397 a 4500 | ||
|---|---|---|---|
| 999 |
_c173024 _d173024 |
||
| 001 | 2530904 | ||
| 003 | Nust | ||
| 005 | 20180712052921.0 | ||
| 008 | 930525s1992 enk j 000 1 eng | ||
| 010 | _a 93158321 | ||
| 020 |
_a9781853261169 : _cRs. 240 |
||
| 038 | _aArshad | ||
| 040 |
_aDLC _cDLC _dDLC _dOCoLC _dDLC |
||
| 042 | _alcac | ||
| 043 | _an-usn-- | ||
| 050 | 0 | 0 |
_aPZ7.A335 _bLi 1992 |
| 082 | 0 | 0 |
_a823 _bALC |
| 100 | 1 |
_aAlcott, Louisa May, _d1832-1888. _98240 |
|
| 245 | 1 | 0 |
_aLittle women and Good wives / _cLouisa M. Alcott ; introduction by Ann Thwaite. |
| 260 |
_aLondon : _bJ.M. Dent ; _aRutland, Vt. : _bC.E. Tuttle, _c1992. |
||
| 300 |
_axxii, 464 p. ; _c20 cm. |
||
| 490 | 0 | _aEveryman's library | |
| 520 | _aChronicles the humorous and sentimental fortunes of the four March sisters as they grow into young ladies and marry in nineteenth-century New England. | ||
| 650 | 0 |
_aMarch family (Fictitious characters) _vJuvenile fiction. _911594 |
|
| 650 | 0 |
_aFamilies _zNew England _vJuvenile fiction. _911595 |
|
| 650 | 0 |
_aSisters _zNew England _vJuvenile fiction. _911596 |
|
| 650 | 1 |
_aFamily life _zNew England _vFiction. _911597 |
|
| 650 | 1 |
_aSisters _vFiction. _97293 |
|
| 651 | 0 |
_aNew England _vJuvenile fiction. _911598 |
|
| 651 | 1 |
_aNew England _vFiction. _911599 |
|
| 655 | 7 |
_aDomestic fiction. _2lcsh _94525 |
|
| 700 | 1 | 2 |
_aAlcott, Louisa May, _d1832-1888. _tGood wives. _f1992. _911600 |
| 906 |
_a7 _bcbc _corignew _d3 _encip _f19 _gy-gencatlg |
||
| 942 |
_2ddc _cBK |
||